书目信息 |
| 题名: |
解剖图说
|
|
| 作者: | 星川清亲 著 ;许德海 , 蒋彭炎 译 | |
| 分册: | ||
| 出版信息: | 上海 上海科学技出版社 1980 |
|
| 页数: | 297页 | |
| 开本: | 21cm | |
| 丛书名: | ||
| 单 册: | ||
| 中图分类: | S511.01 | |
| 科图分类: | ||
| 主题词: | 生理--稻--图解 , 稻--生理--图解 , 禾谷类作物 | |
| 电子资源: | ||
| ISBN: | ||
| 000 | 00798nam0 2200289 45 960 | |
| 001 | 0630532227 | |
| 002 | 0195046632 | |
| 005 | 20060801083020.81 | |
| 010 | @dCNY1.10 | |
| 091 | @a16119.653 | |
| 100 | @a19950502d1980 k y0chiy0121 ea | |
| 101 | 1 | @achi@cjpn |
| 102 | @aCN@b310000 | |
| 105 | @ay z 000yy | |
| 106 | @ar | |
| 200 | 10 | @a解剖图说@e稻的生长@f(日)星川清亲著@g蒋彭炎, 许德海译@Ajie pou tu shuo |
| 210 | @a上海@c上海科学技出版社@d1980 | |
| 215 | @a297页@d21cm | |
| 606 | @a生理--稻@x图解 | |
| 606 | @a稻--生理@x图解 | |
| 606 | 0 | @a禾谷类作物 |
| 690 | @aS511.01@v3 | |
| 701 | 0 | @a星川清亲@4著@Axing chuan qing qin |
| 702 | 0 | @a许德海@4译@Axu de hai |
| 702 | 0 | @a蒋彭炎@4译@Ajiang peng yan |
| 801 | 0 | @aCN@b上海图书馆 @c20060801 |
| 905 | @a10447@dS511.01@e21 | |
| 解剖图说:稻的生长/(日)星川清亲著/蒋彭炎, 许德海译.-上海:上海科学技出版社,1980 |
| 297页;21cm |
| ISBN :CNY1.10 |
| ● |
| 相关链接 |
|
|
|
|
正题名:解剖图说
索取号:S511.01/21
 
预约/预借
| 序号 | 登录号 | 条形码 | 馆藏地/架位号 | 状态 | 备注 |
| 1 | 0439248 | 204392488 | 密集书库/ [索取号:S511.01/21] | 在馆 |